Maple computer guide : a self-contained introduction for Erwin Kreyszig, Advanced engineering mathematics, eighth edition /

Guardado en:
Autor Principal: Kreyszig, Erwin.
Otros Autores: Norminton, E. J.
Formato: Libro
Idioma:English
Publicado: New York : Wiley, c2001.
Materias:
Acceso en línea:Publisher description
Table of contents only
Contributor biographical information
Etiquetas: Agregar Etiqueta
Sin Etiquetas, Sea el primero en etiquetar este registro!
LEADER 01372cam a22002894a 4500
001 MAT.inmabb004440
008 011127s2001####nyua#####b####001#0#eng##
005 20160510172624.0
245 1 0 |a Maple computer guide :  |b a self-contained introduction for Erwin Kreyszig, Advanced engineering mathematics, eighth edition /  |c E. Kreyszig, E.J. Norminton. 
260 |a New York :  |b Wiley,  |c c2001. 
300 |a ix, 245, [43] p. :  |b il. ;  |c 28 cm. 
504 |a Incluye referencias bibliográficas (p. A1) e índice. 
020 |a 0471386685 
100 1 |a Kreyszig, Erwin. 
700 1 |a Norminton, E. J.  |q (Edward J.) 
700 1 |a Kreyszig, Erwin.  |t Advanced engineering mathematics. 
246 1 4 |a Maple computer guide for 8th edition, Erwin Kreyszig, Adavnced engineering mathematics 
630 0 0 |a Maple (Computer file) 
650 0 |a Engineering mathematics  |x Data processing. 
650 0 |a Mathematical physics  |x Data processing. 
084 |a 00A06 (68W30)  |2 MR 
010 |a  2001280538 
040 |a DLC  |c DLC  |d DLC 
856 4 2 |3 Publisher description  |u http://www.loc.gov/catdir/description/wiley036/2001280538.html 
856 4 1 |3 Table of contents only  |u http://www.loc.gov/catdir/enhancements/fy0642/2001280538-t.html 
856 4 2 |3 Contributor biographical information  |u http://www.loc.gov/catdir/enhancements/fy0643/2001280538-b.html 
859 |h 00A06  |i K92-8m  |p A-8437  |b BIB. MATEMATICA